<?xml version="1.0" encoding="UTF-8"?><?xml-stylesheet type="text/xsl" href="static/style.xsl"?><OAI-PMH xmlns="http://www.openarchives.org/OAI/2.0/" xmlns:xsi="http://www.w3.org/2001/XMLSchema-instance" xsi:schemaLocation="http://www.openarchives.org/OAI/2.0/ http://www.openarchives.org/OAI/2.0/OAI-PMH.xsd"><responseDate>2026-04-13T14:21:31Z</responseDate><request verb="GetRecord" identifier="oai:www.recercat.cat:2117/111080" metadataPrefix="marc">https://recercat.cat/oai/request</request><GetRecord><record><header><identifier>oai:recercat.cat:2117/111080</identifier><datestamp>2025-07-23T04:22:55Z</datestamp><setSpec>com_2072_1033</setSpec><setSpec>col_2072_452951</setSpec></header><metadata><record xmlns="http://www.loc.gov/MARC21/slim" xmlns:dcterms="http://purl.org/dc/terms/" xmlns:xsi="http://www.w3.org/2001/XMLSchema-instance" xmlns:doc="http://www.lyncode.com/xoai" xsi:schemaLocation="http://www.loc.gov/MARC21/slim http://www.loc.gov/standards/marcxml/schema/MARC21slim.xsd">
   <leader>00925njm 22002777a 4500</leader>
   <datafield ind2=" " ind1=" " tag="042">
      <subfield code="a">dc</subfield>
   </datafield>
   <datafield ind2=" " ind1=" " tag="720">
      <subfield code="a">Labbi, Linda</subfield>
      <subfield code="e">author</subfield>
   </datafield>
   <datafield ind2=" " ind1=" " tag="260">
      <subfield code="c">2017-06</subfield>
   </datafield>
   <datafield ind2=" " ind1=" " tag="520">
      <subfield code="a">In recent years, much attention has been focused on the use of renewable energies and its key&#xd;
role in combating global climate change. Countries are therefore looking for alternative sources to&#xd;
minimize greenhouse gas emissions while being able to respond to the growing needs of energy&#xd;
consumption.&#xd;
The global volume of biomass generated annually from agriculture, equal to 140 billion metric&#xd;
tons, which is equivalent to approximately 50 billion tons of oil, could be transformed to a clean&#xd;
renewable energy and/or raw materials. These raw materials, made of biomass wastes, have attractive&#xd;
potentials and the shift to their use could considerably reduce the emissions of GHG but also provide&#xd;
renewable energy to some 1.6 billion people in developing countries, which still lack access to&#xd;
electricity.&#xd;
Morocco is no exception according to biomass use opportunities. The country has, over the&#xd;
last decade, known a growth dynamic that is gradually changing its socio-economic profile.&#xd;
In order not to hinder the growth dynamic that is taking place by securing adequate supplies of&#xd;
energy, but without jeopardizing sustained imbalance in external accounts, Morocco decided to act on&#xd;
its energy supply sources. In this respect, the promotion and development of renewable energies was&#xd;
identified as a priority under the new national energy strategy.&#xd;
This strategy holds among its priorities the reduction of the country's dependence on fossil&#xd;
fuels, established today to almost 97%, a mastery of the demand (through improving energy&#xd;
efficiency), and the increase of the renewable energies share in the total energy mix, for a better&#xd;
contribution of the sector to the country's sustainable development efforts.&#xd;
Morocco is characterized by the importance of its agricultural sector. Energy recovery of&#xd;
agricultural biomass is an opportunity to be seized to support Morocco's energy supply from&#xd;
renewable sources, and this work aims to estimate, as a first step of the assessment of the potential&#xd;
from biomass, to establish the global theoretical potential of energy from biomass in Morocco, and&#xd;
particularly agriculture residues.</subfield>
   </datafield>
   <datafield ind2=" " ind1=" " tag="520">
      <subfield code="a">En los últimos años, mucha atención se ha centrado en el uso de las energías renovables y su&#xd;
papel clave en la lucha contra el cambio climático global. Por lo tanto, todos los países están buscando&#xd;
fuentes alternativas para minimizar las emisiones de gases de efecto invernadero y permitir responder&#xd;
a las necesidades crecientes de consumo de energía.&#xd;
El volumen global de biomasa generado anualmente a partir de la agricultura, es igual a 140&#xd;
mil miliones toneladas métricas, equivalente aproximadamente 50 mil miliones toneladas de petróleo,&#xd;
podría transformarse en una energía limpia renovable y/o en materias primas sostenibles. Estas&#xd;
materias primas, a base de residus de biomasa, tienen potenciales atractivos y el cambio a su uso&#xd;
podría reducir considerablemente las emisiones de GEI, pero también proporcionar energía renovable&#xd;
a unas 1.600.000.000 personas en los países en desarrollo, que todavía carecen de acceso a la&#xd;
electricidad.&#xd;
Marruecos no es una excepción de acuerdo con las oportunidades de uso de biomasa. El país&#xd;
ha sabido, durante la última década, una dinámica de crecimiento que está cambiando gradualmente su&#xd;
perfil socio-económico.&#xd;
Para no obstaculizar la dinámica de crecimiento que se está llevando a cabo, mediante la&#xd;
obtención de suministros adecuados de energía, pero sin poner en peligro el desequilibrio sostenido en&#xd;
las cuentas externas, Marruecos decidió actuar sobre las fuentes de su suministro energético. En este&#xd;
sentido, la promoción y desarrollo de energías renovables se identificó como una prioridad bajo la&#xd;
nueva estrategia energética nacional.&#xd;
Esta estrategia tiene entre sus prioridades la reducción de la dependencia del país de los&#xd;
combustibles fósiles, establecida hoy a casi el 97%, un dominio de la demanda (a través de la&#xd;
eficiencia energética), y el aumento de la parte de energías renovables en el mix energético, para una&#xd;
mejor contribución del sector a los esfuerzos de desarrollo sostenible del país.&#xd;
Marruecos se caracteriza por la importancia de su agricultura. La recuperación energética de la&#xd;
biomasa agrícola es una oportunidad que hay que aprovechar para apoyar el suministro energético de&#xd;
Marruecos a partir de fuentes renovables, y este trabajo pretende estimar, como primer paso, la&#xd;
evaluación del potencial de la biomasa, para establecer el potencial teórico global de la energía de la&#xd;
biomasa en Marruecos y, en particular, los residuos agrícolas.</subfield>
   </datafield>
   <datafield tag="653" ind2=" " ind1=" ">
      <subfield code="a">Àrees temàtiques de la UPC::Desenvolupament humà i sostenible</subfield>
   </datafield>
   <datafield tag="653" ind2=" " ind1=" ">
      <subfield code="a">Àrees temàtiques de la UPC::Desenvolupament humà i sostenible::Cooperació per al desenvolupament::Projectes de cooperació</subfield>
   </datafield>
   <datafield tag="653" ind2=" " ind1=" ">
      <subfield code="a">Agricultural wastes</subfield>
   </datafield>
   <datafield tag="653" ind2=" " ind1=" ">
      <subfield code="a">Renewable energy sources</subfield>
   </datafield>
   <datafield tag="653" ind2=" " ind1=" ">
      <subfield code="a">Morocco</subfield>
   </datafield>
   <datafield tag="653" ind2=" " ind1=" ">
      <subfield code="a">biomass</subfield>
   </datafield>
   <datafield tag="653" ind2=" " ind1=" ">
      <subfield code="a">bioenergy</subfield>
   </datafield>
   <datafield tag="653" ind2=" " ind1=" ">
      <subfield code="a">sustainability</subfield>
   </datafield>
   <datafield tag="653" ind2=" " ind1=" ">
      <subfield code="a">theoretical potential</subfield>
   </datafield>
   <datafield tag="653" ind2=" " ind1=" ">
      <subfield code="a">Residus agrícoles</subfield>
   </datafield>
   <datafield tag="653" ind2=" " ind1=" ">
      <subfield code="a">Energies renovables</subfield>
   </datafield>
   <datafield ind2="0" ind1="0" tag="245">
      <subfield code="a">Assessment of the potential of energy from agriculture residues in Morocco</subfield>
   </datafield>
</record></metadata></record></GetRecord></OAI-PMH>